| 000 | 00714nam a22002177a 4500 | ||
|---|---|---|---|
| 003 | DO-SdBNP | ||
| 005 | 20171129160247.0 | ||
| 008 | 171110b 1995 ny ||||| |||| 00| 0 spa d | ||
| 020 | _a 0814423582 | ||
| 040 |
_aBPMSU _bspa _cBPMSU |
||
| 092 |
_axxxx _bxxxx |
||
| 100 | 1 |
_aBechtell, Michele L. _d1956- |
|
| 245 | 1 | 0 |
_aThe management compass : _bsteering the corporation using hoshin planning / _c1995. |
| 260 |
_aNew York : _bAmerican Management Association , _c1995. |
||
| 300 |
_a157 p. : _bil. ; _c22 cm. |
||
| 490 | 1 | _aAMA Management Briefing | |
| 830 | 0 | _aAMA Management Briefing | |
| 942 |
_2ddc _cBK |
||
| 945 | _aInventariado extranjero / 2017 YL | ||
| 956 |
_aLOPEREZ _b10 _c20171110 _h00041 _iBPMSU |
||
| 999 |
_c12840 _d12840 |
||